| 000 | 01272nam a22003737a 4500 | ||
|---|---|---|---|
| 003 | CHAP | ||
| 005 | 20220329140742.0 | ||
| 008 | 971013s1971 r 00010 d | ||
| 010 | _a57058 | ||
| 011 | _a58030 | ||
| 035 | _a62185 | ||
| 040 | _cCHAP | ||
| 082 |
_a631.45 _bS24 1971 |
||
| 100 | 0 | 0 |
_aSchwab, Glenn Orville. _9103270 |
| 245 | _aElementary soil and water engineering | ||
| 250 | _a2 ed. | ||
| 260 |
_aNew York : _bWiley, _c1971 |
||
| 300 |
_a316 p. _b: ilus. |
||
| 490 | _aWiley international edition | ||
| 590 |
_aBATCH-UPD _b10 _c20130110 _lUCH01 _h0117 |
||
| 590 |
_aBATCH-UPD _b10 _c20130110 _lUCH01 _h1524 |
||
| 590 |
_aBATCH-UPD _b10 _c20130410 _lUCH01 _h0934 |
||
| 590 |
_aBATCH-UPD _b10 _c20130914 _lUCH01 _h1640 |
||
| 590 |
_aCONVERSION _b10 _c20130109 _lUCH01 _h1331 |
||
| 650 | 1 | 4 |
_aIngeniería hidráulica. _958235 |
| 650 | 1 | 4 |
_aSuelos _xConservación. _9110283 |
| 650 | 1 | 4 |
_aSuelos _xIngeniería. _9110401 |
| 830 | 0 |
_aWiley international edition _9121936 |
|
| 901 | _aBK | ||
| 942 | _cLIBRO | ||
| 949 |
_a631.45 S24 1971 _bBC _cLIBRO _d33724000075388 _eLIBRO _h17984 _i62185 _si |
||
| 949 |
_a631.45 S24 1971 _bBC _cLIBRO _d33724000075396 _eLIBRO _fc.2 _h18230 _i62185 _si |
||
| 949 |
_a631.45 S24 1971 _bBC _cLIBRO _d33724000075404 _eLIBRO _fc.3 _h39689 _i62185 _si |
||
| 999 |
_c57058 _d57058 |
||